000 00439pab a2200169 454500
008 180718b2001 xxu||||| |||| 00| 0 eng d
100 _aPainter, Chris
245 _aUK local action zones and changing urban governance
260 _c2001
300 _ap.1215-232
362 _aJul
650 _aLocal government - Great Britain
650 _aLocal government
700 _aClarence, Emma
773 _aUrban Studies
909 _a49351
999 _c49351
_d49351